|
|
|
|
| LEADER |
00000cam a2200000 4500 |
| 001 |
vtls011914457 |
| 003 |
SK-MaSNL |
| 005 |
20260301225305.0 |
| 008 |
220107s2019 sp gr 000 f spa |
| 015 |
|
|
|a SNBZSA2021/08
|
| 020 |
|
|
|a 9788415436317
|q (viazané)
|
| 035 |
|
|
|a urn:nbn:sk:snk-am00g6g3
|
| 035 |
|
|
|a urn:nbn:sk:snk-am3iyzk
|
| 035 |
|
|
|a F6569FB0-2879-49AB-8D7F-1779B3F561E7
|
| 040 |
|
|
|a SNK
|b slo
|c SNK
|e rda
|
| 041 |
1 |
|
|a spa
|h slo
|
| 044 |
|
|
|a sp
|c ES
|
| 072 |
|
7 |
|a 821.162.4-3
|x Slovenská próza
|2 konspekt
|
| 080 |
|
|
|a 821.162.4-31
|2 2011
|
| 080 |
|
|
|a 821-311.6
|2 2011
|
| 100 |
1 |
|
|a Urban, Milo,
|d 1904-1982
|4 aut
|9 104908
|
| 240 |
1 |
0 |
|a Živý bič
|l Španielsky
|
| 245 |
1 |
3 |
|a El látigo vivo
|c Milo Urban ; traducción de Alejandro Hermida de Blas
|
| 246 |
1 |
|
|i Podnázov z obálky:
|a Uno de los grandes clásicos de la literatura eslava
|
| 264 |
|
1 |
|a Madrid
|b ciudadela
|c 2019
|
| 300 |
|
|
|a 509 strán
|c 23 cm
|
| 336 |
|
|
|a text
|b txt
|2 rdacontent
|
| 337 |
|
|
|a bez média
|b n
|2 rdamedia
|
| 338 |
|
|
|a zväzok
|b nc
|2 rdacarrier
|
| 500 |
|
|
|a Preložené zo slovenčiny
|
| 500 |
|
|
|a Obsahuje biografické údaje o autorovi na záložke prebalu
|
| 655 |
|
7 |
|a slovenské romány
|2 SNKPH
|9 70324
|
| 655 |
|
7 |
|a Slovak fiction
|2 SNKPHeng
|9 277096
|
| 655 |
|
7 |
|a historické romány
|2 SNKPH
|9 70253
|
| 655 |
|
7 |
|a Historical novels
|2 SNKPHeng
|9 276887
|
| 700 |
1 |
|
|a Hermida de Blas, Alejandro
|4 trl
|9 618663
|
| 919 |
|
|
|a 978-84-15436-31-7
|
| 958 |
|
|
|a ZS
|
| 958 |
|
|
|a LX
|
| 958 |
|
|
|a UP
|
| 999 |
|
|
|c 950355
|d 952285
|
| 952 |
|
|
|a SNK
|b SNK
|y PREZ
|7 0
|p 17A1450356
|o snkSC 191970
|i snk2021/1559
|8 4
|g 28.46
|0 0
|1 0
|4 0
|d 2020-01-30
|f 1
|l 0
|r 2025-10-09 00:00:00
|w 2026-02-24
|